Rodinné firmy vychovávajú lídrov biznisu

Spájanie rodiny a podnikateľských aktivít. Tri najdôležitejšie subsystémy v rámci rodinného podnikania. Faktory vplývajúce na zamestnanosť a podnikateľský biznis rodinnej firme.

Guardado en:
Detalles Bibliográficos
Formato: Capítulo de libro
Lenguaje:eslovaco
Materias:
Etiquetas: Agregar Etiqueta
Sin Etiquetas, Sea el primero en etiquetar este registro!

MARC

LEADER 00000naa a2200000 4500
001 0248916
005 20221104113128.8
041 0 |a slo 
044 |a SK 
245 1 0 |a Rodinné firmy vychovávajú lídrov biznisu 
520 |a Spájanie rodiny a podnikateľských aktivít. Tri najdôležitejšie subsystémy v rámci rodinného podnikania. Faktory vplývajúce na zamestnanosť a podnikateľský biznis rodinnej firme. 
610 2 0 |a podnik rodinný 
610 2 0 |a podnikanie rodinné 
610 2 0 |a prostredie podnikateľské 
610 2 0 |a lídri